Devinez la Capitale Mystère #90 - Statistiques

Statistiques générales
  • Ce quiz a été pris 140 fois
  • Le résultat moyen est 27 sur 36
Statistiques - réponses
Type de Réponse Réponse % Correct
Lettre Trouvée A
100%
Lettre de l'Alphabet I
100%
Lettre de l'Alphabet R
100%
Lettre de l'Alphabet S
100%
Lettre Trouvée N
98%
Lettre de l'Alphabet E
97%
Lettre Trouvée B
95%
Lettre de l'Alphabet O
95%
Lettre Trouvée L
94%
Lettre de l'Alphabet P
94%
Lettre Trouvée U
92%
Lettre de l'Alphabet M
90%
Lettre de l'Alphabet T
90%
Lettre de l'Alphabet C
88%
Lettre de l'Alphabet D
87%
Lettre de l'Alphabet G
85%
Lettre de l'Alphabet H
80%
Lettre de l'Alphabet K
79%
Lettre Bien Placée L
76%
Lettre de l'Alphabet W
75%
Lettre de l'Alphabet V
73%
Lettre Bien Placée B
69%
Lettre de l'Alphabet Y
65%
Lettre de l'Alphabet X
64%
Lettre Trouvée J
63%
Lettre Bien Placée U
62%
Lettre Bien Placée A
60%
Lettre de l'Alphabet F
53%
Lettre de l'Alphabet Z
52%
Lettre Bien Placée N
51%
Lettre Bien Placée J
48%
Lettre Bien Placée L
48%
Lettre Bien Placée A
46%
Lettre de l'Alphabet Q
46%
Lettre Bien Placée J
42%
Capitale Mystère Ljubljana
42%
Aucun quiz correspondant
Distribution des résultats
% des personnes avec chaque résultat
Percentile par nombre de réponses
Votre historique - résultats
Vous n’avez pas pris ce quiz